[Event "Ceske Budejovice GM 2019"]
[Site "Ceske Budejovice"]
[Date "2019.07.02"]
[Round "3"]
[White "Stefansson, Hannes"]
[Black "Kazakov, Mikhail"]
[Result "0-1"]
[WhiteElo "2561"]
[BlackElo "2508"]
[Annotator "TA"]
[PlyCount "114"]
[EventDate "2019.07.02"]
[EventCountry "CZE"]
[SourceTitle "playchess.com"]
[Source "ChessBase"]
[SourceQuality "1"]

{[%evp 15,114,21,22,12,20,0,12,0,22,3,31,33,47,27,35,29,39,46,291,297,277,238,241,277,270,269,377,377,377,372,366,366,372,373,363,275,274,257,293,291,445,452,441,446,438,431,406,414,397,395,369,369,471,454,475,471,415,252,398,421,408,408,400,199,265,209,453,0,0,0,0,0,0,-475,-437,-524,-528,-514,-527,-544,-387,-381,-373,-523,-486,-612,-445,-416,-271,-505,-477,-544,-521,-617,-620,-730,-718,-29975,-29977,-29986,-29977]} 1. d4 d5 2. c4 c6 3. cxd5 cxd5 4. Bf4 Nc6 5. e3 Nf6 6. Nc3 a6 7. Bd3 Bg4 8. Nge2 e6 9. f3 {D10: Slav Defence: 3 cxd5 (without early Nf3) and 3 Nc3} (9. Qb3 Na5 10. Qa4+ Nc6 11. Ng3 Bh5 12. Nxh5 Nxh5 13. Be5 Bd6 14. O-O O-O 15. Bxd6 Qxd6 16. Rfc1 Nf6 {½-½ (47) Korobov,A (2756)-Bu,X (2722) Hengshui 2019}) 9... Bh5 $1 10. O-O Bg6 11. Na4 {The position is equal.} Bd6 12. Nc5 Bxf4 (12... Bxc5 $5 13. dxc5 e5 $11) 13. Nxf4 Qe7 14. Qb3 $36 {[%mdl 2048] [#] White fights for an advantage.} Rb8 $146 ({Predecessor:} 14... Bxd3 15. Nfxd3 Rb8 16. Qb6 Nd7 17. Nxd7 Qxd7 {½-½ (41) Svane,R (2509)-Buhmann,R (2601) Verden/Aller 2014}) 15. Bxg6 hxg6 16. Ncxe6 {[%mdl 64] [#] Deflection} fxe6 $2 (16... Qd6 $1 $14) 17. Nxg6 $18 {[%mdl 64] Double Attack} Qf7 18. Nxh8 Qh5 19. Rac1 Nd7 20. e4 Qxh8 (20... Kd8 $142 21. h3 Qxh8 22. exd5 exd5 23. Qxd5 g6) 21. exd5 exd5 22. Qxd5 Qf8 23. Rfe1+ Kd8 24. Re6 Qf4 25. Rce1 {Rd6! is the strong threat.} Kc7 26. R6e4 Qf6 27. Rg4 Rf8 (27... Qh6 {keeps fighting.} 28. Qg5 Rh8) 28. Re6 Qf5 29. Qd6+ Kc8 30. Rxg7 Rd8 31. Re4 Qf6 32. Qxf6 ({Not} 32. Qg3 Nxd4 33. Rg8 Nc6 $18) 32... Nxf6 33. Rh4 Nxd4 34. Rf7 Ne8 35. Rhh7 Ne6 36. Rxb7 Nf6 (36... Rd1+ {was necessary.} 37. Kf2 Rd2+ 38. Ke1 Rxg2) 37. Rhf7 Rd1+ 38. Kf2 {Black must now prevent Rb6.} Nd5 39. g4 (39. Ra7 $142 {[%cal Ra7a8]} Ndc7 40. g4) 39... Rd2+ (39... Nd8 {was called for.}) 40. Kg3 {Threatens to win with Rb3.} Ne3 $2 {[#]} (40... Ndf4) 41. f4 $2 ({Only move:} 41. h3 $1 $18) 41... Nf1+ $11 {[%mdl 64] Double Attack} 42. Kf3 {aiming for Ra7.} Nxh2+ 43. Ke3 Nf1+ $1 44. Ke4 $2 {[%mdl 8192]} (44. Kf3 $11 Nh2+ 45. Kg3 Nf1+ 46. Kf3 Nh2+) 44... Nc5+ $19 {[%mdl 64] Double Attack} 45. Ke5 Nxb7 46. g5 Ne3 {Hoping for ...Ng4+.} 47. Rh7 Rg2 48. b3 a5 49. Rh3 (49. a3 $142) 49... Ng4+ 50. Kf5 Nd6+ 51. Ke6 Ne4 52. Kf5 $2 (52. g6) 52... Ngf2 53. Rh8+ Kd7 54. Ra8 Nd6+ 55. Kg6 Nh3 56. Rxa5 Nxf4+ 57. Kh7 Ne4 {Accuracy: White = 45%, Black = 58%.} 0-1

[Event "Ceske Budejovice GM 2019"]
[Site "Ceske Budejovice"]
[Date "2019.07.02"]
[Round "3"]
[White "Simacek, Pavel"]
[Black "Pulpan, Jakub"]
[Result "1/2-1/2"]
[WhiteElo "2490"]
[BlackElo "2414"]
[Annotator "ChessBase"]
[PlyCount "57"]
[EventDate "2019.07.02"]
[EventCountry "CZE"]
[SourceTitle "playchess.com"]
[Source "ChessBase"]
[SourceQuality "1"]

1. e4 e5 2. Nf3 Nc6 3. Bb5 Nf6 4. O-O Nxe4 5. d4 Nd6 6. dxe5 Nxb5 7. a4 Nbd4 8. Nxd4 Nxd4 9. Qxd4 d5 10. Qd3 c6 11. a5 Qh4 12. Nc3 Be7 13. f4 g6 14. Ne2 O-O 15. Be3 f6 16. Bd4 fxe5 17. Bxe5 Bf6 18. Nd4 Bd7 19. Nf3 Qg4 20. Qb3 Bc8 21. Rae1 Bxe5 22. Nxe5 Qe6 23. Qb4 Qf6 24. Qc5 a6 25. c4 dxc4 26. Nxc4 Be6 27. Re5 Bxc4 28. Qxc4+ Qf7 29. Qxf7+ 1/2-1/2

[Event "Ceske Budejovice GM 2019"]
[Site "Ceske Budejovice"]
[Date "2019.07.02"]
[Round "3"]
[White "Dhulipalla, Bala Chandra Prasad"]
[Black "Miesbauer, Jan"]
[Result "1-0"]
[WhiteElo "2419"]
[BlackElo "2411"]
[Annotator "NA"]
[PlyCount "141"]
[EventDate "2019.07.02"]
[EventCountry "CZE"]
[SourceTitle "playchess.com"]
[Source "ChessBase"]
[SourceQuality "1"]

1. c4 g6 2. d4 Bg7 3. g3 d6 4. Bg2 Nf6 5. Nc3 O-O 6. Nf3 c6 7. O-O Bf5 8. Bf4 Ne4 9. Qb3 Qb6 10. Rfe1 Nxc3 11. bxc3 c5 12. Qa3 Be4 13. Be3 Qa6 14. Qxa6 Nxa6 15. Bh3 b6 16. Nd2 Bb7 17. Rab1 Nb8 18. Rec1 Nc6 19. dxc5 dxc5 20. Bxc5 Rfd8 21. Be3 Ba6 22. Rb3 e6 23. Ra3 Bb7 24. c5 Bf8 25. Nb3 a5 26. Bg2 e5 27. Nd2 a4 28. Nc4 b5 29. Bxc6 Bxc6 30. Nxe5 Be8 31. Nd3 Rac8 32. Bd4 Rb8 33. e3 Be7 34. Kf1 f6 35. Nb4 Rbc8 36. Nd3 Bf7 37. Ke1 Bc4 38. Nb2 Bxc5 39. Nxc4 Be7 40. Nb6 Rc6 41. Rb1 Bxa3 42. Rxb5 Rb8 43. Kd2 Bd6 44. c4 Kf7 45. Kd3 a3 46. f4 Be7 47. h3 Bd8 48. c5 Ke6 49. Rb3 Be7 50. Kc4 Rc7 51. Kb5 Ra7 52. g4 Bd8 53. e4 Bc7 54. f5+ Kf7 55. fxg6+ Kxg6 56. Rf3 Bd8 57. e5 Rd7 58. Kc4 Rc7 59. Kd5 fxe5 60. Bxe5 Rxc5+ 61. Kxc5 Rxb6 62. Rd3 Re6 63. Kd5 Ra6 64. Bd6 Kg5 65. Rxa3 Rxa3 66. Bxa3 Kh4 67. Bc1 Kxh3 68. g5 Kg4 69. a4 Kf3 70. Kc6 Ke2 71. Kb5 1-0

[Event "Ceske Budejovice GM 2019"]
[Site "Ceske Budejovice"]
[Date "2019.07.02"]
[Round "3"]
[White "Olsen, Filip Boe"]
[Black "Kraus, Tomas"]
[Result "1/2-1/2"]
[WhiteElo "2391"]
[BlackElo "2479"]
[Annotator "RC"]
[PlyCount "47"]
[EventDate "2019.07.02"]
[EventCountry "CZE"]
[SourceTitle "playchess.com"]
[Source "ChessBase"]
[SourceQuality "1"]

1. d4 d5 2. c4 e6 3. Nc3 a6 4. cxd5 exd5 5. Nf3 c6 6. Bf4 Bd6 7. Bg3 Ne7 8. e3 Nf5 9. Bd3 Nxg3 10. hxg3 Nd7 11. Qc2 Nf6 12. O-O-O h6 13. Nd2 Be6 14. Ne2 Qb6 15. Nb3 O-O-O 16. Nc5 Kb8 17. Kb1 Bc8 18. Rc1 Rhe8 19. Qa4 Ng4 20. Rhf1 Nh2 21. Rfd1 Ng4 22. Rf1 Nh2 23. Rfd1 Ng4 24. Rf1 1/2-1/2

[Event "Ceske Budejovice GM 2019"]
[Site "Ceske Budejovice"]
[Date "2019.07.02"]
[Round "3"]
[White "Szotkowski, Jakub"]
[Black "Vykouk, Jan"]
[Result "1-0"]
[WhiteElo "2378"]
[BlackElo "2451"]
[Annotator "RC"]
[PlyCount "107"]
[EventDate "2019.07.02"]
[EventCountry "CZE"]
[SourceTitle "playchess.com"]
[Source "ChessBase"]
[SourceQuality "1"]

1. d4 Nf6 2. c4 e6 3. g3 c5 4. d5 exd5 5. cxd5 d6 6. Nc3 g6 7. Bg2 Bg7 8. Nf3 O-O 9. O-O Re8 10. Bf4 Ne4 11. Nxe4 Rxe4 12. Nd2 Rxf4 13. gxf4 Bxb2 14. Rb1 Bg7 15. e4 Qh4 16. e5 Qxf4 17. e6 fxe6 18. dxe6 Nc6 19. Re1 Be5 20. Nf3 Bxe6 21. Nxe5 dxe5 22. Qd6 Nd4 23. Qxe5 Qxe5 24. Rxe5 Rd8 25. Rxb7 c4 26. Rc7 Kf8 27. h4 Rd6 28. h5 gxh5 29. Rxh5 c3 30. Kf1 Rb6 31. Be4 Nb5 32. Rcc5 Nd6 33. Bd3 Bc4 34. Bxc4 Rb1+ 35. Ke2 c2 36. Bb3 c1=Q 37. Rxc1 Rxc1 38. Rxh7 a5 39. Rh5 Nb7 40. Rb5 Rc7 41. Bd5 Nd6 42. Rxa5 Rc2+ 43. Kf3 Ke7 44. Bb3 Rc3+ 45. Kf4 Rc1 46. f3 Rh1 47. Re5+ Kd7 48. Rg5 Ke7 49. Rg7+ Kf6 50. Rg4 Rh2 51. Kg3 Rd2 52. Ra4 Ke5 53. Ra5+ Kf6 54. Rd5 1-0

[Event "Ceske Budejovice GM 2019"]
[Site "Ceske Budejovice"]
[Date "2019.07.02"]
[Round "4.1"]
[White "Miesbauer, Jan"]
[Black "Kazakov, Mikhail"]
[Result "0-1"]
[WhiteElo "2411"]
[BlackElo "2508"]
[Annotator "RC"]
[PlyCount "114"]
[EventDate "2019.07.02"]
[EventCountry "CZE"]
[SourceTitle "playchess.com"]
[Source "ChessBase"]
[SourceQuality "1"]
[TimeControl "5400+30"]

1. e4 {[%emt 0:00:00]} d6 {[%emt 0:00:00]} 2. d4 {[%emt 0:00:00]} Nf6 {[%emt 0:00:17]} 3. Nc3 {[%emt 0:00:01]} e5 {[%emt 0:00:19]} 4. Nf3 {[%emt 0:00:31]} Nbd7 {[%emt 0:00:13]} 5. g3 {[%emt 0:03:50]} Be7 {[%emt 0:03:55]} 6. Bg2 {[%emt 0:00:12]} O-O {[%emt 0:00:37]} 7. O-O {[%emt 0:00:24]} c6 {[%emt 0:00:49]} 8. a4 {[%emt 0:01:23]} a5 {[%emt 0:01:42]} 9. Re1 {[%emt 0:01:11]} Re8 {[%emt 0:00:39]} 10. h3 {[%emt 0:01:10]} Bf8 {[%emt 0:03:28]} 11. b3 {[%emt 0:06:30]} Qc7 {[%emt 0:15:21]} 12. Ba3 {[%emt 0:08:40]} Nb6 {[%emt 0:08:55]} 13. Qd3 {[%emt 0:06:18]} Bd7 {[%emt 0:03:10]} 14. Rad1 {[%emt 0:03:13]} Rad8 {[%emt 0:08:40]} 15. d5 {[%emt 0:04:51]} cxd5 {[%emt 0:03:53]} 16. exd5 {[%emt 0:01:16]} e4 {[%emt 0:07:43]} 17. Nxe4 {[%emt 0:00:41]} Nxe4 {[%emt 0:01:12]} 18. Rxe4 {[%emt 0:00:07]} Bf5 {[%emt 0:00:26]} 19. Nd4 {[%emt 0:01:00]} Bxe4 {[%emt 0:01:20]} 20. Bxe4 {[%emt 0:00:06]} g6 {[%emt 0:01:50]} 21. Nb5 {[%emt 0:02:47]} Qe7 {[%emt 0:02:42]} 22. Bg2 {[%emt 0:08:07]} Qf6 {[%emt 0:07:29]} 23. Qd2 {[%emt 0:02:40]} Nd7 {[%emt 0:03:24]} 24. c4 {[%emt 0:01:33]} Qe5 {[%emt 0:12:51]} 25. Bb2 {[%emt 0:03:50]} Qe2 {[%emt 0:00:29]} 26. Qd4 {[%emt 0:01:18]} Ne5 {[%emt 0:00:14]} 27. Kh1 {[%emt 0:09:05]} Bg7 {[%emt 0:00:44]} 28. Ba1 {[%emt 0:03:28]} Bf6 {[%emt 0:01:13]} 29. Nc3 {[%emt 0:04:06]} Qc2 {[%emt 0:03:04]} 30. Ne4 {[%emt 0:08:42]} Bg7 {[%emt 0:00:26]} 31. f4 {[%emt 0:04:22]} f5 {[%emt 0:04:04]} 32. Rd2 {[%emt 0:13:25]} Qb1+ {[%emt 0:01:28]} 33. Rd1 {[%emt 0:00:05]} Qxb3 {[%emt 0:00:26]} 34. Nxd6 {[%emt 0:00:26]} Rxd6 {[%emt 0:01:50]} 35. c5 {[%emt 0:00:15]} Bf6 {[%emt 0:00:53]} 36. fxe5 {[%emt 0:01:34]} Bxe5 {[%emt 0:00:26]} 37. Qg1 {[%emt 0:00:26]} Rdd8 {[%emt 0:00:44]} 38. d6 {[%emt 0:00:31]} Kg7 {[%emt 0:00:56]} 39. Bxe5+ {[%emt 0:00:52]} Rxe5 {[%emt 0:00:01]} 40. Rb1 {[%emt 0:00:30]} Qxg3 {[%emt 0:00:37]} 41. Rxb7+ {[%emt 0:00:00]} Kh6 {[%emt 0:00:00]} 42. Rb1 {[%emt 0:00:00]} f4 {[%emt 0:00:00]} 43. Rf1 {[%emt 0:00:00]} Qe3 {[%emt 0:00:00]} 44. Rc1 {[%emt 0:00:00]} Qa3 {[%emt 0:00:00]} 45. Rc4 {[%emt 0:00:00]} g5 {[%emt 0:00:00]} 46. Qf2 {[%emt 0:00:00]} Qe3 {[%emt 0:00:00]} 47. Kg1 {[%emt 0:00:00]} Rb8 {[%emt 0:00:00]} 48. Qxe3 {[%emt 0:01:19]} fxe3 {[%emt 0:00:00]} 49. Be4 {[%emt 0:00:44]} Rf8 {[%emt 0:01:52]} 50. Bd3 {[%emt 0:02:03]} Rd5 {[%emt 0:01:58]} 51. Rc3 {[%emt 0:00:40]} Rc8 {[%emt 0:00:41]} 52. Be4 {[%emt 0:01:13]} Rd1+ {[%emt 0:00:58]} 53. Kg2 {[%emt 0:00:07]} e2 {[%emt 0:00:21]} 54. Re3 {[%emt 0:00:27]} Rxc5 {[%emt 0:00:24]} 55. Rxe2 {[%emt 0:00:12]} Rxd6 {[%emt 0:00:07]} 56. Bc2 {[%emt 0:01:16]} Rcd5 {[%emt 0:01:11]} 57. Kf3 {[%emt 0:00:30]} Rd2 {[%emt 0:00:31]} 0-1

[Event "Ceske Budejovice GM 2019"]
[Site "Ceske Budejovice"]
[Date "2019.07.02"]
[Round "4.2"]
[White "Vykouk, Jan"]
[Black "Pulpan, Jakub"]
[Result "1/2-1/2"]
[WhiteElo "2451"]
[BlackElo "2414"]
[Annotator "TA"]
[PlyCount "105"]
[EventDate "2019.07.02"]
[EventCountry "CZE"]
[SourceTitle "playchess.com"]
[Source "ChessBase"]
[SourceQuality "1"]

{[%evp 17,105,17,33,30,30,28,43,39,42,22,29,27,40,51,46,51,70,60,60,59,107,-16,10,29,10,6,31,-55,-53,-62,-55,-62,-62,-60,-62,-55,-58,-59,-55,-58,-51,-58,-67,-66,-52,-76,-40,-41,0,-22,0,-35,-25,-27,-19,-110,-106,-100,-76,-74,0,0,0,0,0,0,0,0,0,0,0,0,0,0,0,0,0,0,0,0,0,0,0,0,0,0,0,0,0,0]} 1. e4 e5 2. Nf3 Nc6 3. Bc4 ({Predecessor:} 3. Bb5 Nf6 4. d3 Bc5 5. O-O d6 6. c3 a6 7. Ba4 Ba7 8. h3 h6 9. Nbd2 O-O 10. Re1 Ne7 11. Nf1 Ng6 12. Ng3 c6 13. d4 Re8 {½-½ (77) Kriebel,T (2366)-Zilka,S (2541) Ostrava 2014}) 3... Nf6 4. d3 Bc5 5. O-O d6 6. c3 a6 7. Nbd2 {[%cal Bb1d2,Bd2f1,Bf1g3][%mdl 32]} Ba7 8. Bb3 O-O 9. Re1 Ne7 10. Nf1 {C54: Giuoco Piano: 4 c3 Nf6, main lines with 5 d4 and 5 d3} Ng6 11. Ng3 Re8 12. h3 {White is slightly better.} c6 13. d4 h6 14. Bc2 $146 (14. Be3 exd4 15. Bxd4 c5 {½-½ (15) Andreikin,D (2719)-Mamedyarov,S (2817) St Petersburg 2018}) 14... Qc7 15. Be3 Be6 16. Qd2 Rad8 17. Rad1 d5 18. Nxe5 Nxe5 19. dxe5 (19. Bf4 $16) 19... Nxe4 (19... dxe4 $5 {[%cal Rd8d2]} 20. Bd4 c5 21. exf6 cxd4 22. Nxe4 Bb8 $11) 20. Qd3 Bxe3 21. Rxe3 g6 (21... Kf8 {with more complications.} 22. Nxe4 Bf5 23. Qd4 Bxe4 24. Bxe4 dxe4 25. Qc5+ Qe7) 22. Re2 (22. Qe2 $14) 22... Qxe5 $15 23. Nxe4 dxe4 {[%mdl 64] [#] Discovered Attack} 24. Qxd8 Rxd8 25. Rxd8+ Kg7 26. Rdd2 Qg5 27. Bxe4 Bxh3 28. Re3 h5 29. Rd6 h4 30. Rd4 Be6 31. b3 h3 32. g3 Bf5 33. Kh2 Be6 34. Bf3 Qf5 35. Rd2 Qb1 36. g4 (36. Rde2 $11) 36... Qf1 $17 {White must now prevent ...Bxg4!} 37. Kg3 Qc1 38. Rde2 Bd5 (38... Qg1+ $17 39. Kxh3 b5) 39. Bxd5 {The position is equal.} Qg1+ 40. Kxh3 cxd5 $11 {[%mdl 4096] Endgame KQ-KRR} 41. Rd2 g5 42. Red3 Qh1+ 43. Kg3 Qh4+ 44. Kg2 {f3 is the strong threat.} Qxg4+ 45. Kf1 Qh5 46. Ke1 Kg6 47. Re2 Qh1+ 48. Kd2 Qb1 49. Ke3 $1 Qc1+ 50. Red2 Qe1+ 51. Re2 Qc1+ 52. Red2 Qe1+ 53. Re2 {Accuracy: White = 66%, Black = 61%.} 1/2-1/2

[Event "Ceske Budejovice GM 2019"]
[Site "Ceske Budejovice"]
[Date "2019.07.02"]
[Round "4.3"]
[White "Kraus, Tomas"]
[Black "Simacek, Pavel"]
[Result "1/2-1/2"]
[WhiteElo "2479"]
[BlackElo "2490"]
[Annotator "ChessBase"]
[PlyCount "44"]
[EventDate "2019.07.02"]
[EventCountry "CZE"]
[SourceTitle "playchess.com"]
[Source "ChessBase"]
[SourceQuality "1"]
[TimeControl "5400+30"]

1. d4 {[%emt 0:01:58]} d5 {[%emt 0:00:00]} 2. Nf3 {[%emt 0:01:21]} Nf6 {[%emt 0:00:04]} 3. c4 {[%emt 0:00:25]} dxc4 {[%emt 0:00:14]} 4. Nc3 {[%emt 0:03:27]} a6 {[%emt 0:04:19]} 5. a4 {[%emt 0:03:16]} e6 {[%emt 0:10:14]} 6. Bg5 {[%emt 0:02:04]} c5 {[%emt 0:05:35]} 7. e3 {[%emt 0:00:05]} cxd4 {[%emt 0:00:41]} 8. exd4 {[%emt 0:00:19]} Be7 {[%emt 0:00:27]} 9. Bxc4 {[%emt 0:01:37]} Nc6 {[%emt 0:00:13]} 10. O-O {[%emt 0:01:03]} O-O {[%emt 0:00:09]} 11. Re1 {[%emt 0:02:19]} Nd5 {[%emt 0:03:53]} 12. Bxd5 {[%emt 0:07:48]} exd5 {[%emt 0:01:06]} 13. Bxe7 {[%emt 0:00:30]} Nxe7 {[%emt 0:00:05]} 14. Qb3 {[%emt 0:01:36]} Rb8 {[%emt 0:01:02]} 15. Re5 {[%emt 0:10:54]} Be6 {[%emt 0:03:35]} 16. h3 {[%emt 0:16:28]} Nc6 {[%emt 0:03:29]} 17. Re2 {[%emt 0:03:35]} b5 {[%emt 0:03:39]} 18. axb5 {[%emt 0:01:36]} axb5 {[%emt 0:00:04]} 19. Ra6 {[%emt 0:02:45]} Qc8 {[%emt 0:02:26]} 20. Ra1 {[%emt 0:02:01]} Qd8 {[%emt 0:02:45]} 21. Ra6 {[%emt 0:00:04]} Qc8 {[%emt 0:00:45]} 22. Ra1 {[%emt 0:00:05]} Qd8 1/2-1/2

[Event "Ceske Budejovice GM 2019"]
[Site "Ceske Budejovice"]
[Date "2019.07.02"]
[Round "4.4"]
[White "Dhulipalla, Bala Chandra Prasad"]
[Black "Stefansson, Hannes"]
[Result "0-1"]
[WhiteElo "2419"]
[BlackElo "2561"]
[Annotator "ChessBase"]
[PlyCount "90"]
[EventDate "2019.07.02"]
[EventCountry "CZE"]
[SourceTitle "playchess.com"]
[Source "ChessBase"]
[SourceQuality "1"]
[TimeControl "5400+30"]

1. d4 {[%emt 0:00:00]} Nf6 {[%emt 0:00:00]} 2. c4 {[%emt 0:00:00]} e6 {[%emt 0:00:30]} 3. g3 {[%emt 0:00:00]} c5 {[%emt 0:00:32]} 4. d5 {[%emt 0:00:00]} exd5 {[%emt 0:00:07]} 5. cxd5 {[%emt 0:00:00]} g6 {[%emt 0:00:31]} 6. Nc3 {[%emt 0:00:00]} Bg7 {[%emt 0:00:33]} 7. Bg2 {[%emt 0:00:26]} d6 {[%emt 0:00:31]} 8. Nf3 {[%emt 0:00:07]} O-O {[%emt 0:00:09]} 9. O-O {[%emt 0:00:06]} Re8 {[%emt 0:00:23]} 10. Bf4 {[%emt 0:00:08]} Bf5 {[%emt 0:00:21]} 11. Nh4 {[%emt 0:07:52]} Bc8 {[%emt 0:00:34]} 12. Nf3 {[%emt 0:03:27]} Bf5 {[%emt 0:00:33]} 13. Nh4 {[%emt 0:03:07]} Bc8 {[%emt 0:00:06]} 14. Qd2 {[%emt 0:10:02]} a6 {[%emt 0:01:34]} 15. a4 {[%emt 0:07:23]} Qe7 {[%emt 0:01:39]} 16. Rfe1 {[%emt 0:07:48]} Nbd7 {[%emt 0:01:47]} 17. h3 {[%emt 0:02:53]} Ne5 {[%emt 0:12:50]} 18. Rab1 {[%emt 0:03:16]} Qf8 {[%emt 0:04:34]} 19. g4 {[%emt 0:03:15]} Rb8 {[%emt 0:02:50]} 20. Bg3 {[%emt 0:05:43]} b5 {[%emt 0:04:29]} 21. b4 {[%emt 0:03:35]} Bd7 {[%emt 0:05:03]} 22. axb5 {[%emt 0:01:02]} axb5 {[%emt 0:00:25]} 23. Nf3 {[%emt 0:15:28]} Nc4 {[%emt 0:09:01]} 24. Qd3 {[%emt 0:05:59]} Rec8 {[%emt 0:02:39]} 25. bxc5 {[%emt 0:03:19]} Rxc5 {[%emt 0:00:16]} 26. Nd4 {[%emt 0:01:15]} b4 {[%emt 0:00:48]} 27. Na2 {[%emt 0:00:46]} Ne5 {[%emt 0:08:12]} 28. Qb3 {[%emt 0:02:17]} h5 {[%emt 0:03:00]} 29. g5 {[%emt 0:03:30]} Nh7 {[%emt 0:00:13]} 30. h4 {[%emt 0:01:30]} Nc4 {[%emt 0:00:53]} 31. Qd3 {[%emt 0:00:12]} Bxd4 {[%emt 0:05:43]} 32. Qxd4 {[%emt 0:00:12]} b3 {[%emt 0:00:14]} 33. Nc3 {[%emt 0:08:22]} f5 {[%emt 0:02:43]} 34. gxf6 {[%emt 0:00:53]} Nxf6 {[%emt 0:00:11]} 35. Qd3 {[%emt 0:01:05]} b2 {[%emt 0:07:02]} 36. Qxg6+ {[%emt 0:01:39]} Qg7 {[%emt 0:00:06]} 37. Qd3 {[%emt 0:00:29]} Rb3 {[%emt 0:00:49]} 38. Qd4 {[%emt 0:01:05]} Na3 {[%emt 0:01:14]} 39. Ne4 {[%emt 0:00:47]} Nxe4 {[%emt 0:00:35]} 40. Qxe4 {[%emt 0:00:21]} Nxb1 {[%emt 0:00:28]} 41. Rxb1 {[%emt 0:00:00]} Rxg3 {[%emt 0:00:00]} 42. fxg3 {[%emt 0:00:00]} Qxg3 {[%emt 0:00:00]} 43. Kh1 {[%emt 0:00:00]} Rc1+ {[%emt 0:00:00]} 44. Bf1 {[%emt 0:00:00]} Qh3+ {[%emt 0:00:00]} 45. Kg1 {[%emt 0:00:00]} Qxf1+ {[%emt 0:00:00]} 0-1

[Event "Ceske Budejovice GM 2019"]
[Site "Ceske Budejovice"]
[Date "2019.07.02"]
[Round "4.5"]
[White "Olsen, Filip Boe"]
[Black "Szotkowski, Jakub"]
[Result "1/2-1/2"]
[WhiteElo "2391"]
[BlackElo "2378"]
[Annotator "NA"]
[PlyCount "76"]
[EventDate "2019.07.02"]
[EventCountry "CZE"]
[SourceTitle "playchess.com"]
[Source "ChessBase"]
[SourceQuality "1"]
[TimeControl "5400+30"]

1. d4 {[%emt 0:00:00]} d5 {[%emt 0:03:05]} 2. c4 {[%emt 0:00:00]} c6 {[%emt 0:00:26]} 3. Nf3 {[%emt 0:00:05]} Nf6 {[%emt 0:00:17]} 4. e3 {[%emt 0:00:07]} Bf5 {[%emt 0:00:31]} 5. Nc3 {[%emt 0:00:12]} e6 {[%emt 0:00:28]} 6. Nh4 {[%emt 0:00:09]} Bg4 {[%emt 0:01:15]} 7. Qb3 {[%emt 0:00:25]} Qb6 {[%emt 0:03:16]} 8. h3 {[%emt 0:03:01]} Bh5 {[%emt 0:02:02]} 9. g4 {[%emt 0:02:56]} Bg6 {[%emt 0:00:50]} 10. Nxg6 {[%emt 0:03:49]} hxg6 {[%emt 0:00:10]} 11. g5 {[%emt 0:01:36]} Ng8 {[%emt 0:17:28]} 12. f4 {[%emt 0:06:50]} Nd7 {[%emt 0:08:16]} 13. Qxb6 {[%emt 0:12:34]} axb6 {[%emt 0:01:23]} 14. cxd5 {[%emt 0:00:51]} exd5 {[%emt 0:00:10]} 15. Ne2 {[%emt 0:03:51]} Ne7 {[%emt 0:04:34]} 16. Ng3 {[%emt 0:00:57]} Rh4 {[%emt 0:06:46]} 17. Bd3 {[%emt 0:04:43]} Kd8 {[%emt 0:08:40]} 18. Bd2 {[%emt 0:04:12]} Kc7 {[%emt 0:02:00]} 19. Kf2 {[%emt 0:01:37]} f5 {[%emt 0:03:40]} 20. Ne2 {[%emt 0:05:33]} Nc8 {[%emt 0:03:50]} 21. Kg3 {[%emt 0:01:29]} Rh8 {[%emt 0:02:13]} 22. h4 {[%emt 0:00:27]} Nd6 {[%emt 0:00:24]} 23. Kg2 {[%emt 0:00:51]} b5 {[%emt 0:05:22]} 24. Ng3 {[%emt 0:03:21]} Nb6 {[%emt 0:01:03]} 25. b3 {[%emt 0:01:58]} Ne4 {[%emt 0:02:19]} 26. Bxe4 {[%emt 0:02:53]} dxe4 {[%emt 0:01:08]} 27. h5 {[%emt 0:01:32]} Kd7 {[%emt 0:00:36]} 28. hxg6 {[%emt 0:03:11]} Rxh1 {[%emt 0:00:07]} 29. Kxh1 {[%emt 0:00:17]} Ke6 {[%emt 0:00:05]} 30. Nh5 {[%emt 0:01:22]} Nd5 {[%emt 0:05:35]} 31. Kg1 {[%emt 0:00:54]} b4 {[%emt 0:02:57]} 32. Kf2 {[%emt 0:01:39]} Ra3 {[%emt 0:01:42]} 33. Ke2 {[%emt 0:01:27]} Nc3+ {[%emt 0:01:57]} 34. Bxc3 {[%emt 0:00:50]} bxc3 {[%emt 0:00:04]} 35. Kd1 {[%emt 0:01:01]} b5 {[%emt 0:00:18]} 36. Kc2 {[%emt 0:00:39]} b4 {[%emt 0:00:13]} 37. Kd1 {[%emt 0:01:25]} Ra7 {[%emt 0:08:36]} 38. Ng3 {[%emt 0:03:40]} Ra3 {[%emt 0:02:17]} 1/2-1/2